Sanat - Shanghain valot - Annika Eklund - Statistics

Yleistilastot
  • Tätä visaa on pelattu 168 kertaa
  • Keskiarvotulos 82 / 102
Vastaustilastot
Vastaus % Oikein
Shanghain
99%
valot
97%
ja
95%
loistakoon
93%
valaiskoon
92%
90%
En
89%
en
89%
ole
88%
sun
88%
nukahdan
87%
Siis
87%
tai
87%
viimein
87%
koskaan
86%
nähnyt
86%
silmäni
86%
valoja
86%
viereen
86%
suljen
85%
viimeinkin
84%
yötä
83%
New
82%
Yorkin
82%
ei
81%
enkä
79%
kun
79%
talot
79%
länteen
77%
enää
76%
itään
76%
kaipaa
76%
loistakoon
76%
mutta
75%
siinä
74%
multa
72%
puutu
72%
tänä
72%
yönä
72%
olet
70%
kuullut
67%
miekkakaloja
66%
mikään
63%
kruununjalokiviä
59%
hengitystä
58%
kuuntelen
58%
sademetsän
58%
oo
56%
eksyttäisi
54%
mulle
50%
kauniimpaa
49%
seireenikään
49%
alppitorvia
45%
minareettihuutoja
44%
aamua
42%
Ehtoja vastaavia visoja ei löytynyt
Tulosjakauma
Jokaisen tuloksen saaneiden osuus
Persentiili vastausten määrän mukaan
Tuloshistoriasi
Et ole pelannut tätä visaa